| Tag |
First Indicator |
Second Indicator |
Subfields |
| LEADER |
00000cam a2200000 a 4500 |
| 001 |
in00001234928 |
| 005 |
20151003060914.0 |
| 008 |
951027s1994 paua 000 0 eng d |
| 010 |
|
|
|a 94066974
|
| 020 |
|
|
|a 0887406858
|
| 035 |
|
|
|a (OCoLC)33380014
|
| 035 |
|
|
|9 AGS2888AM
|
| 040 |
|
|
|a LSL
|c LSL
|d TXA
|d UtOrBLW
|
| 041 |
1 |
|
|a eng
|h ger
|
| 043 |
|
|
|a e-gx---
|
| 049 |
|
|
|a TXAM
|
| 090 |
|
|
|a UG620.G3
|b H5413 1994
|
| 092 |
|
|
|a 943.086
|b Hin
|
| 100 |
1 |
|
|a Hinrichsen, Horst.
|
| 240 |
1 |
0 |
|a Krader der Wehrmacht.
|l English
|
| 245 |
1 |
0 |
|a Motorcycles of the Wehrmacht :
|b a photo chronicle /
|c Horst Hinrichsen.
|
| 264 |
|
1 |
|a Atglen, PA :
|b Schiffer Pub.,
|c [1994]
|
| 264 |
|
4 |
|c ©1994
|
| 300 |
|
|
|a 188 pages :
|b illustrations ;
|c 26 cm.
|
| 336 |
|
|
|a text
|b txt
|2 rdacontent
|
| 337 |
|
|
|a unmediated
|b n
|2 rdamedia
|
| 338 |
|
|
|a volume
|b nc
|2 rdacarrier
|
| 490 |
1 |
|
|a Schiffer military history
|
| 490 |
1 |
|
|a German vehicles in World War II
|
| 651 |
|
0 |
|a Germany
|x History, Military
|y 20th century.
|
| 650 |
|
0 |
|a Motorcycles, Military
|z Germany
|x History.
|
| 650 |
|
0 |
|a World War, 1939-1945
|z Germany
|x Transportation.
|
| 830 |
|
0 |
|a Schiffer military history.
|
| 830 |
|
0 |
|a German vehicles in World War II.
|
| 999 |
|
|
|a MARS
|
| 999 |
f |
f |
|s 00054898-aa19-39ff-b653-e8a9af9bc27b
|i abff97c3-fbbd-3ad0-8414-65e94e0507cb
|t 0
|
| 952 |
f |
f |
|p normal
|a Texas A&M University
|b College Station
|c Sterling C. Evans Library
|d Evans: Library Stacks
|t 0
|e UG620.G3 H5613 1994
|h Library of Congress classification
|i unmediated -- volume
|m A14819605343
|
| 952 |
f |
f |
|p noncirc
|a Texas A&M University
|b College Station
|c Cushing Memorial Library & Archives
|d Cushing: Ragan Military (Does not check out)
|t 0
|e UC347 .H56 1994
|h Library of Congress classification
|i unmediated -- volume
|
| 998 |
f |
f |
|a UC347 .H56 1994
|t 0
|l Cushing: Ragan Military (Does not check out)
|
| 998 |
f |
f |
|a UG620.G3 H5613 1994
|t 0
|l Evans: Library Stacks
|